TOP 10 Biggest Cities In Canada - Statistics

General Stats
  • This quiz has been taken 70 times
  • The average score is 7 of 10
Answer Stats
Nr Residents Answer % Correct
2. 1.762.000 Montreal
100%
1. 2.794.000 Toronto
100%
8. 662.000 Vancouver
95%
3. 1.307.000 Calgary
87%
4. 1.017.000 Ottawa
87%
5. 1.010.000 Edmonton
85%
6. 749.000 Winnipeg
68%
10. 569.000 Hamilton
43%
7. 717.000 Mississauga
33%
9. 656.000 Brampton
23%
No matching quizzes found
Score Distribution
Percent of People with Each Score
Percentile by Number Answered
Your Score History
You have not taken this quiz